000 00928nam a2200253Ia 4500
003 OSt
005 20221005112423.0
006 a|||||r|||| 00| 0
007 ta
008 221004b |||||||| |||| 00| 0 pan d
020 _a9788179144404 (hbk)
_c320
024 _a2044
037 _b174, 18/12/2012, Orange Books International
_cTextual
040 _aCRL
_cCRL
_bpan
041 _2pan
_apan
082 _aO153,1:g, Q2
100 _aਸੁਲੱਖਣ ਸਰਹੱਦੀ, ਥਦ।
245 0 _aਪੰਜਾਬੀ ਫ਼ਗ਼ਲ ਦਾ ਸੁਹਜ ਾਸਤਰ
260 _aਚੰਡੀਗੜ
_bਤਰਲੋਚਨ ਪ੍ਰਕਾਨ ਭਾਰਤ
_c2012
300 _a207ਪੰ
_ccm.
650 _aਪੰਜਾਬੀ ਸਾਹਿਤ
942 _hO153,1:g, Q2
_cTEXL
_2cc
999 _c1024838
_d1024838